| 000 | 00476nam a2200181 4500 | ||
|---|---|---|---|
| 003 | SEACOMEC | ||
| 005 | 20250927125505.0 | ||
| 008 | 230929b |||||||| |||| 00| 0 eng d | ||
| 020 | _c625.00 | ||
| 040 | _aSEACOMEC | ||
| 082 |
_a004.22 _bH991 |
||
| 100 | _aKai Hwang | ||
| 245 |
_aAdvanced Computer Architecture; Parallel combability Programming _cKai Hwang |
||
| 260 |
_aNew Delhi _bTata Mcgraw Hill _c2000 |
||
| 650 | _aComputer science | ||
| 700 | _aHwang,Kai | ||
| 942 | _cBBK | ||
| 999 |
_c14 _d14 |
||